000 00738nam a22002657a 4500
001 BR8005329
003 BR-BrBNA
005 20230928090718.0
007 ta
008 230509b bl.||||| |||| 00| 0 por d
040 _aBR-BrBNA
_bpor
_cBiblioteca Nacional de Agricultura
041 _a(Por)
072 _aP12
_b/G514
090 _ P12 BR8005329
100 1 _aRusso Junior, M.
110 1 _aCompanhia Energetica de Sao Paulo, Sao Paulo (Brasil)
_92428
245 1 _aMetodos de irrigacao superficial [Brasil]
260 3 _aSao Paulo, SP (Brasil):
_c1980.
300 _a47 p.
500 _a31 illus.
650 _aIRRIGACAO SUPERFICIAL
650 _aIRRIGACAO POR SULCO
909 _a202309
_bLucia
_c55
_dLucia Elande
942 _cBK
999 _c30167
_d30167